00404nam a22001457a 450000500170000000800410001702000180005804100120007608200130008810000120010124500490011326000460016230000250020865000250023320240904055652.0240903b |||||||| |||| 00| 0 eng d a9781485136774 aEnglish a349 NAM  lEnglish aIndex to the Namibian Law Reports 1990-2016  aCape Town: bJuta and Company Ltd, c2017 b653 pages; c26 cm.  aLegal practice bLaw